000 00742cam a22002533a 4500
001 30934
003 PGUSA
005 20140828083653.0
008 100111s2010||||xxu|||||s|||||000 | eng d
040 _aPGUSA
_beng
042 _adc
050 4 _aPR
100 1 _aOtway, Thomas,
_d1652-1685
245 1 0 _aVenice Preserved :
_bA Tragedy
_h[electronic resource] /
_cThomas Otway
260 _bProject Gutenberg,
_c2010
506 _aPublic domain in the USA.
516 _aElectronic text
653 _aTragedies
653 _aEnglish drama -- Restoration, 1660-1700
653 _aVenice (Italy) -- History -- 1508-1797 -- Drama
830 0 _aProject Gutenberg
_v30934
856 4 0 _uhttp://www.gutenberg.org/ebooks/30934
942 _cEB
999 _c260189
_d260189